000
00209 a2200097 4500
020
_a
9788495618405
041
_a
spa
100
_a
alexander Mmcall Smith
245
_a
Lecciones para chicas guapas
942
_c
BK
999
_c
13587
_d
13587